<?xml version="1.0" encoding="UTF-8"?>
<collection xmlns="http://www.loc.gov/MARC21/slim">
 <record>
  <leader>01629naa a2200217 i 4500</leader>
  <controlfield tag="001">acta58882</controlfield>
  <controlfield tag="005">20260224081030.0</controlfield>
  <controlfield tag="008">190627s2014    hu      o     100   hun d</controlfield>
  <datafield tag="020" ind1=" " ind2=" ">
   <subfield code="a">978-963-306-246-3</subfield>
  </datafield>
  <datafield tag="040" ind1=" " ind2=" ">
   <subfield code="a">SZTE Egyetemi Kiadványok Repozitórium</subfield>
   <subfield code="b">hun</subfield>
  </datafield>
  <datafield tag="041" ind1=" " ind2=" ">
   <subfield code="a">hun</subfield>
  </datafield>
  <datafield tag="100" ind1="1" ind2=" ">
   <subfield code="a">Siklósi Borbála</subfield>
  </datafield>
  <datafield tag="245" ind1="1" ind2="0">
   <subfield code="a">Rec. et exp. aut. Abbr. mnyelv. KLIN. szöv-ben - rövidítések automatikus felismerése és feloldása magyar nyelvű klinikai szövegekben</subfield>
   <subfield code="h">[elektronikus dokumentum] /</subfield>
   <subfield code="c"> Siklósi Borbála</subfield>
  </datafield>
  <datafield tag="260" ind1=" " ind2=" ">
   <subfield code="c">2014</subfield>
  </datafield>
  <datafield tag="300" ind1=" " ind2=" ">
   <subfield code="a">167-176</subfield>
  </datafield>
  <datafield tag="490" ind1="0" ind2=" ">
   <subfield code="a">Magyar Számítógépes Nyelvészeti Konferencia</subfield>
   <subfield code="v">10</subfield>
  </datafield>
  <datafield tag="520" ind1="3" ind2=" ">
   <subfield code="a">Az orvosi szövegek feldolgozása ma a nyelvtechnológia egyik legaktívabban kutatott részterülete. Az általános szövegekre ma már jól működő eszközök helyes, normalizált bemenetet feltételeznek. Orvosi szövegek esetén ez a feltétel nem teljesül, ezért az ezekre jellemző nagy mennyiségű zaj miatt kész eszközök alkalmazása nem lehetséges. A normalizálás egyik lépése a rövidítések észlelése és feloldása. Ebben a cikkben egy nem felügyelt automatikus módszert mutatunk be rövidítéssorozatok feloldására magyar nyelvű klinikai dokumentumokban. Három módszert ismertetünk, melyek különböző mértékben támaszkodnak külső erőforrásokra, illetve magára a klinikai korpuszra.</subfield>
  </datafield>
  <datafield tag="695" ind1=" " ind2=" ">
   <subfield code="a">Nyelvészet - számítógép alkalmazása</subfield>
  </datafield>
  <datafield tag="700" ind1="0" ind2="1">
   <subfield code="a">Novák Attila</subfield>
   <subfield code="e">aut</subfield>
  </datafield>
  <datafield tag="710" ind1=" " ind2=" ">
   <subfield code="a">Magyar Számítógépes Nyelvészeti Konferencia (10.) (2014) (Szeged)</subfield>
  </datafield>
  <datafield tag="856" ind1="4" ind2="0">
   <subfield code="u">http://acta.bibl.u-szeged.hu/58882/1/msznykonf_010_167-176.pdf</subfield>
   <subfield code="z">Dokumentum-elérés </subfield>
  </datafield>
 </record>
</collection>
